Statistics for Top 15 Countries with Covid-19 Cases - 29 November

Click here to take the quiz!

General Stats

  • This quiz has been taken 17 times
  • The average score is 16 of 26

Answer Stats

country% Correct
Russia
100%
United Kingdom
100%
United States
100%
France
94%
Germany
94%
India
94%
Italy
88%
Mexico
88%
Spain
88%
Brazil
81%
Argentina
75%
Colombia
75%
Peru
75%
Iran
63%
Belgium
56%
Israel
50%
Poland
50%
Czechia
38%
Panama
31%
Qatar
31%
Switzerland
31%
Armenia
25%
Bahrain
25%
Kuwait
25%
Slovenia
19%
Georgia
13%

Score Distribution

Percentile by Number Answered

Percent of People with Each Score

Your Score History

You have not taken this quiz